Far Cry Games Quiz - Statistics

General Stats
  • This quiz has been taken 635 times
    121 since last reset
  • The average score is 9 of 16
Answer Stats
Year Game % Correct
2004 Far Cry
100%
2008 Far Cry 2
100%
2012 Far Cry 3
98%
2014 Far Cry 4
98%
2018 Far Cry 5
98%
2021 Far Cry 6
97%
2016 Far Cry Primal
87%
2019 Far Cry New Dawn
86%
2013 Far Cry 3 Blood Dragon
65%
2005 Far Cry Instincts
21%
2006 Far Cry Instincts Predator
15%
2006 Far Cry Instincts Evolution
10%
2006 Far Cry Vengeance
9%
2014 Far Cry Classic
7%
2021 Far Cry VR Dive Into Insanity
7%
2007 Paradise Lost
3%
No matching quizzes found
Score Distribution
Percent of People with Each Score
Percentile by Number Answered
Your Score History
You have not taken this quiz since the last reset